| 000 | 00622na a2200217 4500 | ||
|---|---|---|---|
| 001 | 19277 | ||
| 003 | MIRAKIL | ||
| 005 | 20181213155142.0 | ||
| 008 | 161212b tu 000 0 | ||
| 035 | _a19277 | ||
| 040 |
_aMilas _btur _cTR-AnCHP |
||
| 041 | _atur | ||
| 082 |
_a352.56511 _bA54 1989 |
||
| 090 | _a352.56511 A54 1989 | ||
| 245 |
_aAnkara programı uygulama planı _cAnkara Büyükşehir Belediyesi |
||
| 260 |
_aAnkara _bAnkara Büyükşehir Belediyesi _c1989 |
||
| 300 |
_a48 s. _c30 sm. |
||
| 650 |
_aYerel yönetimler _xPlanlar _zAnkara |
||
| 710 | _aAnkara Büyükşehir Belediyesi | ||
| 942 |
_2ddc _cBKS |
||
| 999 |
_c7548 _d7548 |
||